Responses for show #3216 - Monday, September 7, 1998

David Bagley game 2. First game of Season 15.

Contestants

Kathy Donegan, a systems analyst from Gaithersburg, Maryland

Brannon Denning, a graduate student from New Haven, Connecticut

David Bagley, an attorney from San Diego, California (whose 1-day cash winnings total $13,500)

Jeopardy! Round responses

LABOR
THE BOSS
"YOUNG" PEOPLE
U.S. AT WAR
THE 1998 PULITZER PRIZES
COMMON BONDS
    $100 23
The Union Label

David
    $100 18
New Jersey

Kathy
    $100 2
Brigham Young

Kathy
    $100 1
World War II

Kathy
    $100 8
Philip Roth

Brannon
    $100 16
Things that sting

Kathy
    $200 24
Writers Guild of America

David
    $200 20
The E Street Band

Kathy
    $200 3
Robert Young

David
    $200 4
Mexico City

David
    $200 9
The Washington Post

David
    $200 17
(B: What are things that chirp?)
(A: We were going for that...)

Things that sing

Brannon
    $300 25
Dr. Martin Luther King Jr.

Kathy
    $300 26
Patti Scialfa

Brannon
    $300 13
Cy Young

David
    $300 5
"Stonewall"

David
    $300 10
Scopes Monkey Trial

Brannon
    $300 19
Things that are sprung

Brannon
    $400 27
(less than a minute to go in the round...)

Federation

David
    $1,000 29
(A: One more clue...)
(buzzer sounds)
(A: and we won't have time for that)

"Born In The U.S.A."

Kathy
    $400 14
Neil Young

Kathy
    $400 6
Wounded Knee

David
    $400 11
"Lolita"

Kathy
    $400 21
(D: What are juniors?)

People who swing

David
Triple Stumper
    $500 28
The Teamsters

Kathy
    $500 15
Loretta Young

David
    $500 7
The Philippines

Brannon
    $500 12
(K: What is Iowa?)
(B: What is South Dakota?)

North Dakota

DavidBrannonKathy
    $500 22
Things that are done under the table

Brannon

Scores at the first commercial break (after clue 15):

David Brannon Kathy
$2,600 $400 $500

Scores at the end of the Jeopardy! Round:

David Brannon Kathy
$2,900 $1,700 $2,700

Double Jeopardy! Round responses

HEALTH & MEDICINE
AFRICAN ATHLETES
WHEN IN ROME, N.Y.
QUESTIONS
BIG BOOKS
SLIM VOLUMES
    $200 15
Male

Kathy
    $200 26
Kenya

David
    $200 21
Unknown Soldiers

Triple Stumper
    $200 11
Am I My Brother's Keeper?

Kathy
    $200 1
Atlas

Kathy
    $200 6
Ghost Town

David
    $400 17
Dialysis

Kathy
    $400 27
Hakeem Olajuwon

Kathy
    $400 22
(K: What is the Hudson?)

The Mohawk

BrannonKathy
    $400 12
(D: What is Speak for Yourself?)
(A: No, can't accept it.)

Why don't you speak for yourself, John?

David
Triple Stumper
    $400 2
"War And Peace"

Kathy
    $400 7
J.D. Salinger (he doesn't give interviews)

David
    $600 18
Histamine

Brannon
    $600 28
The Marathon

David
    $600 23
Snowmobile

David
    $600 13
Is she really going out with him?

Brannon
    $600 3
"Das Kapital"

David
    $600 8
Switzerland

David
    $800 19
Melatonin

Triple Stumper
    $800 29
(A: Let's take a look at the last clue....)
(buzzer sounds)
(A:...oh, we won't have that last clue again.)

Zola Budd

Triple Stumper
    $1,000 24
(less than a minute to go in the round....)

Oneida

David
    $800 14
Would you hold it against me?

Brannon
    $1,500 4
Mason & Dixon

David
    $800 9
The Ventures

Triple Stumper
    $1000 20
(B: What is farsightedness?)

Nearsightedness/Myopia

BrannonKathy
    $1000 25
Erie Canal

David
    $1000 16
Are we having fun yet?

Triple Stumper
    $1000 5
Alexsandr Solzhenitsyn

Brannon
    $1000 10
Popes

Kathy

Scores at the end of the Double Jeopardy! Round:

David Brannon Kathy
$9,200 $4,100 $6,100

[wagering suggestions for these scores]

Final Jeopardy! Round responses

PRIME MINISTERS
[India: J. Nehru & Indira Gandhi; Pakistan: Ali & Benazir Bhutto]
BrannonWhat are Spain & Sweden
$4,098
KathyWhat are India & Pakistan?
$3,101
DavidWhat are India & Pakistan?
$3,200
Bangladesh, India, Pakistan & Sri Lanka

Final scores:

David Brannon Kathy
$12,400 $2 $9,201
2-day champion: $25,900 3rd place: Card Scan 300 & Palm Pilot 2nd place: Trip to Madrid, Spain

Game dynamics:

Coryat scores:

David Brannon Kathy
$8,300 $4,100 $5,500
21 R
(including 2 DDs),
2 W
12 R,
2 W
18 R
(including 1 DD),
2 W

Combined Coryat: $17,900

The J! Archive is created by fans, for fans. The Jeopardy! game show and all elements thereof, including but not limited to copyright and trademark thereto, are the property of Jeopardy Productions, Inc. and are protected under law. This website is not affiliated with, sponsored by, or operated by Jeopardy Productions, Inc. Join the discussion at JBoard.tv.